00574cam a2200181 a 4500020001500000020003500015040000800050082002600058100002300084245005300107260003500160300004500195650002900240650001900269650002600288650002200314856005600336 a0471588229 a0471594156 (International ed.) cDLC00a611 USA 1993 C161 Or.1 aRothwell, Norman V10aUnderstanding genetics :ba molecular approach / aNew York :bWiley-Liss,cc1993 axvi, 656 p. :bill. (some col.) ;c27 cm 0aHuman molecular genetics 0aHuman genetics12aGenetics, Biochemical22aMolecular Biology4 uhttp://www.loc.gov/catdir/toc/onix04/92036402.html